Help! I'm raising my children alone: (Record no. 14695)

000 -LEADER
fixed length control field 00661nam a2200193 a 4500
001 - CONTROL NUMBER
control field :::00012528$&:&@@
003 - CONTROL NUMBER IDENTIFIER
control field OkBaRHE
005 - DATE AND TIME OF LATEST TRANSACTION
control field 20000607103420.0
008 - FIXED-LENGTH DATA ELEMENTS--GENERAL INFORMATION
fixed length control field s1996 j 000 0 eng u
040 ## - CATALOGING SOURCE
Transcribing agency
100 1# - MAIN ENTRY--PERSONAL NAME
Personal name Jakes, T. D.
245 10 - TITLE STATEMENT
Title Help! I'm raising my children alone:
Remainder of title a guide for single parents and those who sometimes feel they are.
260 ## - PUBLICATION, DISTRIBUTION, ETC. (IMPRINT)
Place of publication, distribution, etc Orlando, FL., :
Name of publisher, distributor, etc Creation House,
Date of publication, distribution, etc c1996
300 ## - PHYSICAL DESCRIPTION
Extent 177 p. ;
Dimensions 22 cm.
650 ## - SUBJECT ADDED ENTRY--TOPICAL TERM
Topical term or geographic name as entry element Family
General subdivision United States.
650 ## - SUBJECT ADDED ENTRY--TOPICAL TERM
Topical term or geographic name as entry element Single Parents
General subdivision United States.
942 ## - ADDED ENTRY ELEMENTS (KOHA)
Source of classification or shelving scheme
Koha item type Books
Copies
Full call number Permanent Location Copy number Date acquired Source of classification or shelving scheme Lost status Date last seen Shelving location Barcode Withdrawn status Price effective from Damaged status Not for loan Koha item type
HQ 755.8 .J3RHEMA Bible Training College12010-04-14  2010-04-14General Stacks12528 2010-04-14  Books